Vysoké sadzby, nejasný výklad... 1

Prvá časť výpovedí manažérov podnikov o pripravovaných zmenách v daňovej legislatíve. Ing. Alexander Fuksz z divízie Veľké Kapušany firmy Globál, s.r.o., a Ing. Štefan Poláčik z Audit-Consultingu v Nižnej o daniach z príjmu.

Enregistré dans:
Détails bibliographiques
Auteur principal: Fuksz, A.
Autres auteurs: Poláčik, Š.
Format: Chapitre de livre
Langue:slovaque
Sujets:
Tags: Ajouter un tag
Pas de tags, Soyez le premier à ajouter un tag!

MARC

LEADER 00000naa a2200000 4500
001 r022129
005 20230801110040.9
041 0 |a slo 
044 |a SK 
245 1 0 |a Vysoké sadzby, nejasný výklad... 1  |c A. Fuksz, Š. Poláčik 
520 |a Prvá časť výpovedí manažérov podnikov o pripravovaných zmenách v daňovej legislatíve. Ing. Alexander Fuksz z divízie Veľké Kapušany firmy Globál, s.r.o., a Ing. Štefan Poláčik z Audit-Consultingu v Nižnej o daniach z príjmu. 
610 2 0 |a Slovensko 
610 2 0 |a 1996 
610 2 0 |a legislatíva 
610 2 0 |a novelizácia 
610 2 0 |a zákony 
610 2 0 |a rozpočet štátny 
610 2 0 |a dane z príjmov 
610 2 0 |a dane z hodnoty pridanej 
100 1 |a Fuksz, A. 
700 1 |a Poláčik, Š.